| 000 -LEADER |
| fixed length control field |
00346cam a22000977a 4500 |
| 008 - FIXED-LENGTH DATA ELEMENTS--GENERAL INFORMATION |
| fixed length control field |
180718b1963 xxu||||| |||| 00| 0 eng d |
| 082 ## - DEWEY DECIMAL CLASSIFICATION NUMBER |
| Classification number |
YA537096 Un3/61 |
| 245 ## - TITLE STATEMENT |
| Title |
Proceedings of the United Nations conference on new sources of energy : solor energy, wind power and geothermal energy |
| 260 ## - PUBLICATION, DISTRIBUTION, ETC. |
| Place of publication, distribution, etc. |
New York |
| Name of publisher, distributor, etc. |
United Nations |
| Date of publication, distribution, etc. |
1963 |
| 300 ## - PHYSICAL DESCRIPTION |
| Extent |
218+p. |